[Event "Prague op 22nd"]
[Site "Prague"]
[Date "2024.01.09"]
[Round "6"]
[White "Peglau, Charis"]
[Black "Neuman, Petr"]
[Result "0-1"]
[WhiteElo "1984"]
[BlackElo "2398"]
[PlyCount "82"]
[EventDate "2024.01.05"]
[EventType "swiss"]
[EventRounds "9"]
[EventCountry "CZE"]
[SourceTitle "CB03_2024"]
[SourceDate "2024.01.17"]
[SourceVersion "1"]
[SourceVersionDate "2024.01.17"]
[SourceQuality "1"]

1. d4 d6 2. c4 e5 3. e3 Nc6 4. Nc3 g6 5. Nf3 Bg7 6. Be2 Bd7 7. 0-0 f5 8. dxe5 dxe5 9. e4 f4 10. b3 Bg4 11. Qxd8+ Rxd8 12. Ng5 Bd7 13. Nd5 Rc8 14. Bb2 h6 15. Nf3 g5 16. h4 Nge7 17. hxg5 hxg5 18. Nxg5 Ng6 19. g3 Nd4 20. Bxd4 exd4 21. e5 Bf5 22. Nxf4 Nxf4 23. gxf4 Rh4 24. Kg2 Rxf4 25. Rh1 Ke7 26. Nh3 Re4 27. Bf3 Rxe5 28. Rae1 c6 29. Rxe5+ Bxe5 30. Kf1 Kf6 31. Ke2 d3+ 32. Kd2 Rh8 33. Ng1 Bf4+ 34. Kd1 Rh2 35. Ke1 Ke5 36. Rxh2 Bxh2 37. Kf1 Kd4 38. Bh5 Bxg1 39. Kxg1 d2 40. Bd1 Kc3 41. Kf1 Bd3+ 0-1

[Event "Wch U16 Girls"]
[Site "Montesilvano"]
[Date "2023.11.15"]
[Round "3"]
[White "Peglau, Charis"]
[Black "Levchenko, Marina"]
[Result "1-0"]
[WhiteElo "2045"]
[BlackElo "1700"]
[PlyCount "111"]
[EventDate "2023.11.13"]
[EventType "swiss"]
[EventRounds "11"]
[EventCountry "ITA"]
[SourceTitle "CB48_2023"]
[SourceDate "2023.11.29"]
[SourceVersion "1"]
[SourceVersionDate "2023.11.29"]
[SourceQuality "1"]

1. d4 d5 2. c4 e6 3. Nc3 Be7 4. Nf3 Nf6 5. cxd5 exd5 6. Bf4 c6 7. h3 Bf5 8. e3 Nbd7 9. Bd3 Bxd3 10. Qxd3 0-0 11. 0-0 Re8 12. a3 a5 13. Rac1 Nf8 14. Na4 Ng6 15. Bh2 Ne4 16. Ne5 Nxe5 17. dxe5 f6 18. Nc3 Nc5 19. Qf5 fxe5 20. Bxe5 Bd6 21. Bxd6 Qxd6 22. Rfd1 Qe6 23. Qg5 Ne4 24. Nxe4 Qxe4 25. Rd4 Qe5 26. Qg4 Re7 27. Rc3 Qe6 28. Qg3 Qe5 29. Qxe5 Rxe5 30. Rb3 b5 31. Rc3 Ra6 32. f4 Re6 33. Kf2 Kf7 34. Kf3 Ra7 35. f5 Rf6 36. Kf4 Re7 37. g4 h6 38. h4 g6 39. a4 b4 40. Rc5 Ra7 41. e4 dxe4 42. Kxe4 gxf5+ 43. gxf5 Re7+ 44. Kd3 Ra7 45. Kc4 Kg7 46. Rg4+ Kh7 47. Re5 Raf7 48. Rxa5 Rxf5 49. Rxf5 Rxf5 50. Kxb4 Re5 51. b3 h5 52. Rc4 Re6 53. a5 Re5 54. Rxc6 Re4+ 55. Rc4 Rxc4+ 56. Kxc4 1-0

[Event "World-chT Rapid"]
[Site "Dusseldorf"]
[Date "2023.08.26"]
[Round "1.5"]
[White "Peglau, Charis"]
[Black "Smirin, Ilia"]
[Result "0-1"]
[WhiteElo "2094"]
[BlackElo "2574"]
[PlyCount "102"]
[EventDate "2023.08.26"]
[EventType "team-swiss (rapid)"]
[EventRounds "12"]
[EventCountry "GER"]
[SourceTitle "CBM 215 Extra"]
[Source "ChessBase"]
[SourceDate "2023.09.30"]
[SourceVersion "1"]
[SourceVersionDate "2023.09.30"]
[SourceQuality "1"]
[WhiteTeam "Mitropa Chess Association"]
[BlackTeam "Ashdod Elit CC"]
[WhiteTeamCountry "GER"]
[BlackTeamCountry "ISR"]

1. d4 Nf6 2. c4 g6 3. f3 Bg7 4. e4 d6 5. Be3 0-0 6. Nc3 Nc6 7. Bd3 e5 8. d5 Nd4 9. Nge2 Nh5 10. Qd2 c5 11. dxc6 bxc6 12. 0-0 Be6 13. f4 Nxe2+ 14. Nxe2 exf4 15. Nxf4 Nxf4 16. Rxf4 d5 17. cxd5 cxd5 18. exd5 Qxd5 19. Be4 Qxd2 20. Bxd2 Bxb2 21. Bxa8 Bxa1 22. Bf3 Rb8 23. a4 f5 24. Rb4 Rxb4 25. Bxb4 Bd4+ 26. Kf1 Kf7 27. Ke2 Bc4+ 28. Kd2 Ke6 29. Bc6 Bd5 30. Bxd5+ Kxd5 31. Kd3 g5 32. h3 h5 33. Be7 g4 34. hxg4 fxg4 35. Bd8 a6 36. Be7 Bf2 37. Bb4 h4 38. Ke2 Bg3 39. Bd2 Kc4 40. a5 Kb5 41. Bc3 Bc7 42. Bf6 h3 43. gxh3 gxh3 44. Kf3 Kxa5 45. Bg5 Kb5 46. Bd2 Bd6 47. Be1 Bb4 48. Bh4 a5 49. Bf6 a4 50. Kg3 a3 51. Kxh3 Kc4 0-1

[Event "SUI-ch (Women) 122nd"]
[Site "Leukerbad"]
[Date "2023.07.21"]
[Round "7"]
[White "Pellicoro, Nathalie"]
[Black "Peglau, Charis"]
[Result "0-1"]
[WhiteElo "1845"]
[BlackElo "2008"]
[PlyCount "66"]
[EventDate "2023.07.15"]
[EventType "tourn"]
[EventRounds "9"]
[EventCountry "SUI"]
[SourceTitle "CBM 215 Extra"]
[Source "ChessBase"]
[SourceDate "2023.09.30"]
[SourceVersion "1"]
[SourceVersionDate "2023.09.30"]
[SourceQuality "1"]

1. e4 e6 2. d4 b6 3. Nf3 Bb7 4. Bd3 c5 5. c3 Nf6 6. Qe2 Be7 7. 0-0 Nc6 8. Re1 d5 9. exd5 Nxd5 10. Bb5 0-0 11. c4 Nc7 12. d5 Nd4 13. Nxd4 cxd4 14. Ba4 Bc5 15. Qg4 exd5 16. Bg5 f6 17. Bh6 Rf7 18. cxd5 Bxd5 19. Nd2 f5 20. Qg3 Qf6 21. Bg5 Qg6 22. Nf3 Bxf3 23. gxf3 f4 24. Qg4 Kh8 25. Re4 Raf8 26. Rae1 d3 27. Kg2 d2 28. Rh1 h5 29. Qh4 Rf5 30. Kh3 Rxg5 31. Bd7 Rd8 32. Bg4 d1Q 33. Rxd1 Rxd1 0-1

[Event "SUI-ch (Women) 122nd"]
[Site "Leukerbad"]
[Date "2023.07.15"]
[Round "1"]
[White "Hakimifard, Ghazal"]
[Black "Peglau, Charis"]
[Result "1-0"]
[WhiteElo "2270"]
[BlackElo "2008"]
[PlyCount "157"]
[EventDate "2023.07.15"]
[EventType "tourn"]
[EventRounds "9"]
[EventCountry "SUI"]
[SourceTitle "CBM 215 Extra"]
[Source "ChessBase"]
[SourceDate "2023.09.30"]
[SourceVersion "1"]
[SourceVersionDate "2023.09.30"]
[SourceQuality "1"]

1. e4 c5 2. Nf3 Nc6 3. d4 cxd4 4. Nxd4 Qb6 5. Nb3 Nf6 6. Nc3 e6 7. Be3 Qc7 8. a3 Be7 9. Be2 a6 10. 0-0 b5 11. f4 0-0 12. e5 Ne8 13. Bd3 f5 14. exf6 Nxf6 15. Qf3 Bb7 16. Qh3 Na5 17. Nxa5 Qxa5 18. Bd4 Rf7 19. b4 Qc7 20. Rae1 Bd6 21. Be5 Rc8 22. Re3 Qb6 23. Kh1 g6 24. Ne2 Bxe5 25. fxe5 Nh5 26. Rxf7 Kxf7 27. Kg1 Kg8 28. g4 Ng7 29. Kf2 Rf8+ 30. Ke1 a5 31. Qh6 Rf3 32. Kd2 axb4 33. axb4 Bd5 34. Rxf3 Bxf3 35. Qf4 Bxe2 36. Kxe2 Qc6 37. Qe4 Qb6 38. h3 Ne8 39. Qa8 Kf7 40. Qa5 Qc6 41. Qxb5 Qg2+ 42. Kd1 Qg1+ 43. Kd2 Qd4 44. c3 Qf2+ 45. Be2 Qf4+ 46. Kc2 Ke7 47. Qc5+ Kd8 48. Qb6+ Ke7 49. Qd4 Qh2 50. Qe3 Nc7 51. c4 d6 52. exd6+ Kxd6 53. b5 e5 54. Qb6+ Kd7 55. Qc6+ Kc8 56. Kd3 Qxh3+ 57. Qf3 Qxf3+ 58. Bxf3 Ne6 59. Kc3 Kc7 60. Bd5 Nc5 61. Kb4 Kb6 62. g5 Nd3+ 63. Kc3 Nc5 64. Kb4 Nd3+ 65. Kc3 Nc5 66. Kd2 Nd7 67. Bg8 Kc5 68. Kd3 Nb6 69. Ke4 Nd7 70. Be6 Nf8 71. Bg4 Kd6 72. b6 h5 73. gxh6 Nh7 74. Ke3 Nf6 75. Bf3 Nh7 76. c5+ Kd7 77. Be4 Nf6 78. Kf3 Nh7 79. c6+ 1-0

[Event "GER-ch U16"]
[Site "Willingen"]
[Date "2023.05.30"]
[Round "4"]
[White "Peglau, Charis"]
[Black "Reichmann, Felix"]
[Result "0-1"]
[WhiteElo "2114"]
[BlackElo "1976"]
[PlyCount "96"]
[EventDate "2023.05.27"]
[EventType "swiss"]
[EventRounds "9"]
[EventCountry "GER"]
[SourceTitle "CBM 214 Extra"]
[Source "ChessBase"]
[SourceDate "2023.07.31"]
[SourceVersion "1"]
[SourceVersionDate "2023.07.31"]
[SourceQuality "1"]

1. d4 Nf6 2. Nf3 g6 3. Nbd2 d5 4. b4 Bf5 5. Bb2 Bg7 6. e3 0-0 7. Be2 c6 8. 0-0 Nbd7 9. c4 Re8 10. Qb3 Nb6 11. Ne5 Ne4 12. Nxe4 Bxe4 13. cxd5 Bxe5 14. dxe5 Qxd5 15. Qxd5 Bxd5 16. a3 Bc4 17. Bxc4 Nxc4 18. Bd4 b5 19. f4 Red8 20. Rfc1 Kf8 21. a4 a6 22. a5 Ke8 23. Rd1 Rd7 24. Kf2 Rad8 25. Ke2 f6 26. exf6 exf6 27. Rac1 Kf7 28. g4 Rd5 29. h4 h6 30. Rg1 Re8 31. Kf2 Re6 32. Rgd1 Red6 33. Ke2 Ke6 34. Rf1 Rd7 35. Rf3 h5 36. Rg1 Kf7 37. f5 gxf5 38. gxh5 Re7 39. Kf2 Re4 40. Rfg3 f4 41. Rg7+ Ke6 42. Bc5 fxe3+ 43. Kg3 e2 44. h6 Rh5 45. h7 Kf5 46. Kf2 Ne5 47. Be3 e1Q+ 48. Kxe1 Nf3+ 0-1

[Event "Mitropa Cup (Women)"]
[Site "Mali Losinj"]
[Date "2023.04.14"]
[Round "4.3"]
[White "Peglau, Charis"]
[Black "Exler, Veronika"]
[Result "1/2-1/2"]
[WhiteElo "2011"]
[BlackElo "2123"]
[PlyCount "155"]
[EventDate "2023.04.11"]
[EventType "team-tourn"]
[EventRounds "9"]
[EventCountry "CRO"]
[SourceTitle "CBM 213 Extra"]
[Source "ChessBase"]
[SourceDate "2023.05.31"]
[SourceVersion "1"]
[SourceVersionDate "2023.05.31"]
[SourceQuality "1"]
[WhiteTeam "Germany (W)"]
[BlackTeam "Austria (W)"]
[WhiteTeamCountry "GER"]
[BlackTeamCountry "AUT"]

1. e4 c6 2. d4 d5 3. Nd2 dxe4 4. Nxe4 Bf5 5. Ng3 Bg6 6. Nh3 Nf6 7. c3 Nbd7 8. Nf4 e5 9. Nxg6 hxg6 10. Be3 Bd6 11. Qf3 exd4 12. Bxd4 Qe7+ 13. Be2 Ne5 14. Bxe5 Qxe5 15. 0-0-0 0-0-0 16. Kb1 Rh4 17. Qd3 Bc7 18. Qc2 Rxd1+ 19. Bxd1 Bb6 20. h3 Rh8 21. Bf3 Rd8 22. Rf1 Qf4 23. Ne4 Qh4 24. Ng3 Qc4 25. Rd1 Rxd1+ 26. Bxd1 Qf4 27. Bf3 Kc7 28. Qe2 Nd7 29. Ne4 f5 30. Nd2 Qe5 31. Kc2 Qxe2 32. Bxe2 Bxf2 33. Nf3 Kd6 34. Bc4 Ke7 35. b4 Kf6 36. Kd2 g5 37. Ke2 Bb6 38. Bb3 Bc7 39. Bc2 Be5 40. c4 Nf8 41. a4 Bc3 42. b5 c5 43. Kd3 Ba5 44. Ke3 Ne6 45. Bd1 Nf4 46. Kf2 Bc3 47. Bc2 g6 48. Bd1 b6 49. Bc2 Bd4+ 50. Kf1 Be3 51. Bd1 Bd4 52. Bc2 Bb2 53. Kf2 Ba1 54. Kf1 Bd4 55. Bd1 Be3 56. Bc2 g4 57. hxg4 fxg4 58. Nh2 Kg5 59. Bd1 g3 60. Nf3+ Kf6 61. Bc2 Bf2 62. Nd2 Ke5 63. Nf3+ Kd6 64. Ng5 Be3 65. Nf7+ Ke6 66. Nd8+ Kd6 67. Nc6 Bd2 68. Nxa7 Bc3 69. Nc8+ Kc7 70. Ne7 Kd6 71. Nxg6 Nxg6 72. Bxg6 Ke5 73. Ke2 Kd4 74. Bf7 Ke4 75. Bd5+ Kf4 76. Kd3 Bb4 77. Bc6 Ba5 78. Bd5 1/2-1/2

[Event "Mitropa Cup (Women)"]
[Site "Mali Losinj"]
[Date "2023.04.12"]
[Round "2.3"]
[White "Peglau, Charis"]
[Black "Stoeri, Laura"]
[Result "1-0"]
[WhiteElo "2011"]
[BlackElo "2075"]
[PlyCount "75"]
[EventDate "2023.04.11"]
[EventType "team-tourn"]
[EventRounds "9"]
[EventCountry "CRO"]
[SourceTitle "CBM 213 Extra"]
[Source "ChessBase"]
[SourceDate "2023.05.31"]
[SourceVersion "1"]
[SourceVersionDate "2023.05.31"]
[SourceQuality "1"]
[WhiteTeam "Germany (W)"]
[BlackTeam "Switzerland (W)"]
[WhiteTeamCountry "GER"]
[BlackTeamCountry "SUI"]

1. c4 Nf6 2. g3 e6 3. Bg2 d5 4. d4 Bb4+ 5. Bd2 a5 6. Nf3 0-0 7. 0-0 Be7 8. Qc2 Nbd7 9. b3 Ne4 10. Nc3 Ndf6 11. Rfd1 c6 12. Ne5 Nxc3 13. Bxc3 Qc7 14. Rac1 Bd6 15. f4 b5 16. Bb2 Qb7 17. c5 Bb8 18. e4 Nxe4 19. Bxe4 dxe4 20. Qxe4 Ra6 21. Rd2 f6 22. Nf3 Qf7 23. Nh4 b4 24. Re1 a4 25. bxa4 Qd7 26. Qc2 Kh8 27. Qb3 Qa7 28. Qxb4 Rxa4 29. Qb3 Rxa2 30. Qf3 Qb7 31. Ree2 Bc7 32. f5 Ba5 33. Rc2 e5 34. dxe5 fxe5 35. Qe4 Qd7 36. Bxe5 Qd1+ 37. Kg2 Ba6 38. Rxa2 1-0

[Event "Hradec Kralove op 11th"]
[Site "Hradec Kralove"]
[Date "2022.11.11"]
[Round "8"]
[White "Peglau, Charis"]
[Black "Valenta, Vit"]
[Result "0-1"]
[WhiteElo "1974"]
[BlackElo "1984"]
[PlyCount "74"]
[EventDate "2022.11.05"]
[EventType "swiss"]
[EventRounds "9"]
[EventCountry "CZE"]
[SourceTitle "CBM 211 Extra"]
[Source "ChessBase"]
[SourceDate "2023.01.31"]
[SourceVersion "1"]
[SourceVersionDate "2023.01.31"]
[SourceQuality "1"]

1. d4 Nf6 2. c4 g6 3. f3 Bg7 4. e4 d6 5. Nc3 Nbd7 6. Be3 e5 7. d5 0-0 8. Bd3 Nh5 9. Qd2 Nc5 10. Nge2 Nxd3+ 11. Qxd3 f5 12. 0-0-0 b6 13. Rdf1 a5 14. exf5 Bxf5 15. Qd2 Bd7 16. g4 Nf6 17. h4 e4 18. Nxe4 Nxe4 19. fxe4 Bxg4 20. Rxf8+ Qxf8 21. Nf4 h5 22. e5 dxe5 23. Nxg6 Qf7 24. d6 Qxc4+ 25. Qc3 Qxc3+ 26. bxc3 cxd6 27. Ne7+ Kh7 28. Rf1 b5 29. Kb2 Be6 30. Bg5 b4 31. Rf2 bxc3+ 32. Kxc3 e4+ 33. Kd2 Bxa2 34. Ke3 Be6 35. Kxe4 a4 36. Nd5 a3 37. Ra2 Ra4+ 0-1

[Event "Hradec Kralove op 11th"]
[Site "Hradec Kralove"]
[Date "2022.11.09"]
[Round "6"]
[White "Arndt, Stefan"]
[Black "Peglau, Charis"]
[Result "1-0"]
[WhiteElo "2176"]
[BlackElo "1974"]
[PlyCount "69"]
[EventDate "2022.11.05"]
[EventType "swiss"]
[EventRounds "9"]
[EventCountry "CZE"]
[SourceTitle "CBM 211 Extra"]
[Source "ChessBase"]
[SourceDate "2023.01.31"]
[SourceVersion "1"]
[SourceVersionDate "2023.01.31"]
[SourceQuality "1"]

1. d4 Nf6 2. Nf3 d5 3. c4 e6 4. e3 Be7 5. b3 0-0 6. Bd3 c5 7. 0-0 Nc6 8. Bb2 b6 9. Nbd2 Bb7 10. Rc1 Rc8 11. Qe2 cxd4 12. exd4 Qd7 13. Rfd1 Rfd8 14. Ne5 Nxe5 15. dxe5 Ne8 16. Nf3 Nc7 17. h4 Qe8 18. h5 h6 19. Bb1 dxc4 20. bxc4 Qa4 21. Nd4 Bg5 22. Rc3 Na6 23. Bc2 Qe8 24. Rg3 Nb4 25. Bb3 a6 26. Qg4 Qf8 27. f4 Be7 28. f5 Rxd4 29. Bxd4 exf5 30. Qxf5 Bc5 31. e6 Rd8 32. exf7+ Qxf7 33. Qxf7+ Kxf7 34. Rxg7+ Kf8 35. Rf1+ 1-0

[Event "Hradec Kralove op 11th"]
[Site "Hradec Kralove"]
[Date "2022.11.08"]
[Round "4"]
[White "Peglau, Charis"]
[Black "Jirasek, Pavel"]
[Result "1/2-1/2"]
[WhiteElo "1974"]
[BlackElo "2291"]
[PlyCount "44"]
[EventDate "2022.11.05"]
[EventType "swiss"]
[EventRounds "9"]
[EventCountry "CZE"]
[SourceTitle "CBM 211 Extra"]
[Source "ChessBase"]
[SourceDate "2023.01.31"]
[SourceVersion "1"]
[SourceVersionDate "2023.01.31"]
[SourceQuality "1"]

1. d4 Nf6 2. c4 e6 3. Nf3 b6 4. Bf4 Bb4+ 5. Nbd2 0-0 6. e3 Bb7 7. a3 Be7 8. h3 c5 9. dxc5 bxc5 10. Be2 d5 11. 0-0 Nbd7 12. cxd5 exd5 13. Rc1 Re8 14. Ne5 Qb6 15. Nxd7 Nxd7 16. Bf3 Bf6 17. b4 Rac8 18. bxc5 Nxc5 19. Rb1 Qd8 20. Nb3 Ba6 21. Nxc5 Rxc5 22. Be2 Bxe2 1/2-1/2